[Event "Canadian zt (Women)"]
[Site "Toronto"]
[Date "2024.03.28"]
[Round "1"]
[White "Yang, Lucy"]
[Black "Zhang, Michelle1"]
[Result "0-1"]
[WhiteElo "1590"]
[BlackElo "1885"]
[PlyCount "72"]
[EventDate "2024.03.28"]
[EventType "team-swiss"]
[EventRounds "9"]
[EventCountry "CAN"]
[SourceTitle "CB15_2024"]
[SourceDate "2024.04.10"]
[SourceVersion "1"]
[SourceVersionDate "2024.04.10"]
[SourceQuality "1"]

1. e4 c6 2. d4 d5 3. e5 Bf5 4. Nf3 e6 5. Be2 Nd7 6. 0-0 Ne7 7. Nc3 Bg6 8. a4 a5 9. Na2 Nf5 10. c3 Be7 11. Bf4 0-0 12. Qd2 c5 13. dxc5 Nxc5 14. Nc1 Rc8 15. Nd4 Ne4 16. Qd1 Nxd4 17. cxd4 f6 18. f3 fxe5 19. Bxe5 Nd6 20. b3 Nf5 21. Kf2 Bg5 22. f4 Bf6 23. Nd3 Nxd4 24. Bxf6 Qxf6 25. Kg1 Nc2 26. Ne5 Rc7 27. Rc1 Rfc8 28. Ng4 Qd4+ 29. Kh1 Qxd1 30. Rcxd1 Bf5 31. Rd2 Kf8 32. Bf3 Bxg4 33. Bxg4 Ne3 34. Bxe6 Nxf1 35. Rd1 Ne3 36. Re1 Rc1 0-1